ბათუმის შოთა რუსთაველის სახელმწიფო უნივერსიტეტის ბიბლიოთეკა

Ненасильственное общение : (ბიბ.ჩანაწერი № 62521)

000 -LEADER
fixed length control field 00969nam a22001937a 4500
005 - DATE AND TIME OF LATEST TRANSACTION
control field 20241128115138.0
008 - FIXED-LENGTH DATA ELEMENTS--GENERAL INFORMATION
fixed length control field 241128s2024 ru ||||| |||| 00| 0 rus d
020 ## - INTERNATIONAL STANDARD BOOK NUMBER
International Standard Book Number 9785906897770 X
080 ## - UNIVERSAL DECIMAL CLASSIFICATION NUMBER
Universal Decimal Classification number 159.954 P-64
100 ## - MAIN ENTRY--PERSONAL NAME
Personal name Розенберг, Маршалл
9 (RLIN) 23806
Relator term автор
245 ## - TITLE STATEMENT
Title Ненасильственное общение :
Remainder of title Язык жизни /
Statement of responsibility, etc. Маршалл Розенберг ; перевод с английского И. Серебряковой.,
264 ## - PRODUCTION, PUBLICATION, DISTRIBUTION, MANUFACTURE, AND COPYRIGHT NOTICE
Place of production, publication, distribution, manufacture Moквa
Name of producer, publisher, distributor, manufacturer Книжное издательство ,,София"
Date of production, publication, distribution, manufacture, or copyright notice 2024.
300 ## - PHYSICAL DESCRIPTION
Extent 285 стр;
Other physical details 23 см.
653 ## - INDEX TERM--UNCONTROLLED
keyword Ненасильственное общение : Язык жизни
653 ## - INDEX TERM--UNCONTROLLED
keyword არაძალადობრივი კომუნიკაცია: ცხოვრების ენა
653 ## - INDEX TERM--UNCONTROLLED
keyword ფსიქოლოგია
700 ## - ADDED ENTRY--PERSONAL NAME
Personal name Серебряковой, И
Relator term მთარგმნელი
9 (RLIN) 23807
942 ## - ADDED ENTRY ELEMENTS (KOHA)
Source of classification or shelving scheme
Koha item type წიგნი
ეგზემპლარები
Withdrawn status Lost status Source of classification or shelving scheme Damaged status Not for loan Permanent Location Current Location Shelving location Date acquired Cost, normal purchase price Full call number Barcode Date last seen Copy number Price effective from Koha item type Public note
          ბათუმის შოთა რუსთაველის სახელმწიფო უნივერსიტეტის მთავარი ბიბლიოთეკა ბათუმის შოთა რუსთაველის სახელმწიფო უნივერსიტეტის მთავარი ბიბლიოთეკა წიგნსაცავი 2024-11-28 77.00 159.954 P-64 69880 2024-11-28 69880 2024-11-28 წიგნი 77ლ.